Bytový dom

Enregistré dans:
Détails bibliographiques
Auteur principal: Orihelová, Klaudia, 1982- (Auteur)
Autres auteurs: Gron, Alexander, 1945- (Directeur de thèse)
Format: Manuscrit Livre
Langue:slovaque
Publié: Bratislava : STU v Bratislave SvF, 2010
Sujets:
Accès en ligne:VAIS
Tags: Ajouter un tag
Pas de tags, Soyez le premier à ajouter un tag!

MARC

LEADER 00000ntm a22000003a 4500
001 stu216269
005 20160721135503.0
008 101113s2010----xo------------------slo-d
040 |a STU  |b slo 
041 0 |a slo 
044 |a xo 
100 1 |a Orihelová, Klaudia,  |d 1982-  |4 aut  |X 28375  |7 A000028375 
242 0 0 |a Residential house  |y eng 
245 1 |a Bytový dom 
260 |a Bratislava :  |b STU v Bratislave SvF,  |c 2010 
650 7 |a technológie a manažérstvo stavieb  |2 stusub 
650 7 |a Building Technologies and Management  |2 estusub 
700 1 |a Gron, Alexander,  |d 1945-  |4 ths  |u V270  |U SvF Stavebná fakulta  |T SvF Katedra technológie stavieb  |X 946  |U V270  |Y 28  |7 A000000946 
856 4 |a info a plný text  |u http://is.stuba.sk/zp/portal_zp.pl?podrobnosti=53340  |3 VAIS